<?xml version="1.0" encoding="UTF-8"?><?xml-stylesheet type="text/xsl" href="static/style.xsl"?><OAI-PMH xmlns="http://www.openarchives.org/OAI/2.0/" xmlns:xsi="http://www.w3.org/2001/XMLSchema-instance" xsi:schemaLocation="http://www.openarchives.org/OAI/2.0/ http://www.openarchives.org/OAI/2.0/OAI-PMH.xsd"><responseDate>2026-04-17T19:12:12Z</responseDate><request verb="GetRecord" identifier="oai:www.recercat.cat:10256/16293" metadataPrefix="marc">https://recercat.cat/oai/request</request><GetRecord><record><header><identifier>oai:recercat.cat:10256/16293</identifier><datestamp>2024-06-14T09:54:05Z</datestamp><setSpec>com_2072_452955</setSpec><setSpec>com_2072_2054</setSpec><setSpec>col_2072_453066</setSpec></header><metadata><record xmlns="http://www.loc.gov/MARC21/slim" xmlns:dcterms="http://purl.org/dc/terms/" xmlns:xsi="http://www.w3.org/2001/XMLSchema-instance" xmlns:doc="http://www.lyncode.com/xoai" xsi:schemaLocation="http://www.loc.gov/MARC21/slim http://www.loc.gov/standards/marcxml/schema/MARC21slim.xsd">
   <leader>00925njm 22002777a 4500</leader>
   <datafield ind2=" " ind1=" " tag="042">
      <subfield code="a">dc</subfield>
   </datafield>
   <datafield ind2=" " ind1=" " tag="720">
      <subfield code="a">Ricart Casadevall, Sandra</subfield>
      <subfield code="e">author</subfield>
   </datafield>
   <datafield ind2=" " ind1=" " tag="720">
      <subfield code="a">Rico Amorós, Antonio M.</subfield>
      <subfield code="e">author</subfield>
   </datafield>
   <datafield ind2=" " ind1=" " tag="720">
      <subfield code="a">Ribas Palom, Anna</subfield>
      <subfield code="e">author</subfield>
   </datafield>
   <datafield ind2=" " ind1=" " tag="260">
      <subfield code="c">2019-01-22</subfield>
   </datafield>
   <datafield ind2=" " ind1=" " tag="520">
      <subfield code="a">The successes and failures of water reuse schemes are shaped by complex interrelationships between technological, economic, and socio-political factors. However, it has long been recognized that the main challenges to more effective water management are largely social rather than technical. This article reviews the recent literature (2007–2017) to analyze driving factors associated with farmers’ concerns and public perception of reclaimed wastewater for irrigation. The aim of the paper is to synthetize how both environmental and health risks and the yuck factor could be addressed in order to promote mutual understanding between farmers and the public. Results show: (1) how farmers and the public perceive environmental and health risks in a similar way, (2) how the yuck factor is more noticeable for the public than farmers, and (3) how constructed wetlands, reclaimed water exchange consortiums, product certification, and direct site visits to water reuse infrastructure could be promoted in order to foster understanding between farmers and the public. The article concludes by providing key research questions for managers and public authorities relating to how to focus on the study of technical and social issues related to water reuse</subfield>
   </datafield>
   <datafield ind2=" " ind1=" " tag="520">
      <subfield code="a">This research was funded by Juan de la Cierva postdoctoral research fellow awarded to Sandra Ricart&#xd;
(grant number FJCI-2015-24346), and by the national competitive project PLUVIRESMED, funded by the Spanish&#xd;
Ministry of Economy and Competitiveness (grant number CSO2015-65182-C2-2P).</subfield>
   </datafield>
   <datafield ind1="8" ind2=" " tag="024">
      <subfield code="a">http://hdl.handle.net/10256/16293</subfield>
   </datafield>
   <datafield tag="653" ind2=" " ind1=" ">
      <subfield code="a">Aigües residuals -- Depuració</subfield>
   </datafield>
   <datafield tag="653" ind2=" " ind1=" ">
      <subfield code="a">Sewage -- Purification</subfield>
   </datafield>
   <datafield tag="653" ind2=" " ind1=" ">
      <subfield code="a">Aigua -- Reutilització</subfield>
   </datafield>
   <datafield tag="653" ind2=" " ind1=" ">
      <subfield code="a">Water reuse</subfield>
   </datafield>
   <datafield tag="653" ind2=" " ind1=" ">
      <subfield code="a">Regatge per aigües residuals</subfield>
   </datafield>
   <datafield tag="653" ind2=" " ind1=" ">
      <subfield code="a">Sewage irrigation</subfield>
   </datafield>
   <datafield ind2="0" ind1="0" tag="245">
      <subfield code="a">Risk-Yuck Factor Nexus in Reclaimed Wastewater for Irrigation: Comparing Farmers’ Attitudes and Public Perception</subfield>
   </datafield>
</record></metadata></record></GetRecord></OAI-PMH>